Etikett és protokoll a rendezvényszervezésben - a szakértők tapasztalatai alapján

Bibliographic Details
Main Author: Miksán Hanna
Other Authors: Szőke Dr. Andrea
Format: Thesis
Kulcsszavak:etikett
kulturális különbségek
protokoll
rendezvényszervezés
társadalmi normák
vendégélmény
Online Access:http://dolgozattar.uni-bge.hu/59609

MARC

LEADER 00000nta a2200000 i 4500
001 dolg59609
005 20260409145311.0
008 260409suuuu hu om 000 hun d
040 |a BGE Dolgozattár Repozitórium  |b hun 
041 |a hu 
100 1 |a Miksán Hanna 
245 1 0 |a Etikett és protokoll a rendezvényszervezésben - a szakértők tapasztalatai alapján  |c Miksán Hanna  |h [elektronikus dokumentum] 
520 3 |a A szakdolgozat célja az etikett és a protokoll rendezvényszervezésben betöltött szerepének vizsgálata, különös tekintettel a modern társadalmi változások és a kulturális különbségek hatásaira. A kutatás azt kívánta feltárni, milyen mértékben járul hozzá az etikett és protokoll betartása a rendezvények sikeréhez, milyen kihívásokkal szembesülnek a szervezők a változó társadalmi normák mellett, és hogyan lehet a hagyományos szabályokat a mai környezethez igazítani. A kutatás kvalitatív módszertanra épült: három szakértői interjú (Kepes Ágnes, Nagy Anikó, Szántó Gabriella) és egy 17 fős online rendezvényszervezői kérdőíves felmérés adatait, valamint rendezvényszervezési dokumentumok tartalomelemzését dolgozta fel. Az eredmények rávilágítottak, hogy az etikett és a protokoll tudatos, ugyanakkor rugalmas alkalmazása elengedhetetlen a rendezvények professzionális lebonyolításához. A kulturális különbségek figyelembevétele a nemzetközi eseményeken alapvető fontosságú, míg a modern társadalmi normákra való érzékeny reagálás lehetőséget teremt a szabályok korszerűsített, mégis értékmegőrző alkalmazására. A rendezvényszervezők szakmai véleményei és gyakorlati tapasztalatai alapján megfogalmazott javaslatok a jövőbeni eredményes rendezvényszervezési gyakorlatot támogatják. 
695 |a etikett 
695 |a kulturális különbségek 
695 |a protokoll 
695 |a rendezvényszervezés 
695 |a társadalmi normák 
695 |a vendégélmény 
700 1 |a Szőke Dr. Andrea  |e ths 
856 4 0 |u http://dolgozattar.uni-bge.hu/59609/1/Miks%C3%A1n%20Hanna_szakdolgozat_Etikett%20%C3%A9s%20protokoll%20a%20rendezv%C3%A9nyszervez%C3%A9sben%20-%20a%20szak%C3%A9rt%C5%91k%20tapasztalatai%20alapj%C3%A1n.pdf  |z Dokumentum-elérés 
856 4 0 |u http://dolgozattar.uni-bge.hu/59609/2/Titkos%C3%ADt%C3%A1si%20k%C3%A9relem_Miks%C3%A1n%20Hanna_szakdolgozat.pdf  |z Dokumentum-elérés 
856 4 0 |u http://dolgozattar.uni-bge.hu/59609/3/V-XI.%20Mell%C3%A9kletek_Miks%C3%A1n%20Hanna_szakdolgozat.zip  |z Dokumentum-elérés 
856 4 0 |u http://dolgozattar.uni-bge.hu/59609/4/Szakdolgozat%20b%C3%ADr%C3%A1lat_Miks%C3%A1n%20Hanna_LEHR.pdf  |z Dokumentum-elérés 
856 4 0 |u http://dolgozattar.uni-bge.hu/59609/5/Szakdolgozat_b%C3%ADr%C3%A1lat_Miks%C3%A1nHanna_Sz%C5%91keA.pdf  |z Dokumentum-elérés